[Event "AUTO-OPEN-2771"]
[Site "http://www.queenalice.com/game.php?id=1194428"]
[Date "2013.6.26"]
[Round "2"]
[White "MarTraM"]
[Black "Krummenauer"]
[Result "1-0"]
[WhiteElo "2359"]
[BlackElo "1984"]

1. d4 d5 2. c4 c6 3. Nc3 e6 4. e4 dxe4 5. Nxe4 h6 6. Nf3 Nf6 7. Bd3 Be7 8. O-O
O-O 9. Nxf6+ Bxf6 10. Bc2 h5 11. Qd3 g6 12. Bh6 Bg7 13. Bxg7 Kxg7 14. Ne5 Qf6
15. Qe3 Nd7 16. Rad1 Nxe5 17. Qxe5 Qxe5 18. dxe5 Re8 19. c5 f6 20. f4 f5 21. Rf3
Re7 22. Rb3 Kf7 23. Rd6 Rb8 24. Rxc6 1-0

[Event "AUTO-OPEN-2771"]
[Site "http://www.queenalice.com/game.php?id=1194434"]
[Date "2013.6.26"]
[Round "2"]
[White "Krummenauer"]
[Black "Belbo"]
[Result "1-0"]
[WhiteElo "1977"]
[BlackElo "1759"]

1. d4 Nf6 2. c4 g6 3. Nc3 Bg7 4. e4 d6 5. h3 O-O 6. Nf3 e5 7. d5 c5 8. Be2 Na6
9. a3 Nc7 10. O-O a6 11. Be3 Rb8 12. Nd2 Nfe8 13. Qc2 f5 14. f3 f4 15. Bf2 b5
16. cxb5 axb5 17. a4 Qg5 18. Kh2 b4 19. Nb5 Nxb5 20. Bxb5 Nc7 21. Bc6 Ba6 22.
Nc4 Rf6 23. b3 1-0

[Event "AUTO-OPEN-2771"]
[Site "http://www.queenalice.com/game.php?id=1194435"]
[Date "2013.6.26"]
[Round "2"]
[White "Belbo"]
[Black "Krummenauer"]
[Result "1-0"]
[WhiteElo "1994"]
[BlackElo "2022"]

1. e4 e5 2. Nf3 Nc6 3. Bb5 a6 4. Bxc6 dxc6 5. O-O Bd6 6. d4 exd4 7. Qxd4 Qf6 8.
e5 Qg6 9. exd6 cxd6 10. Re1+ Ne7 11. Qe4 Qxe4 12. Rxe4 Bf5 13. Re2 f6 14. Bf4
1-0

[Event "artur59"]
[Site "http://www.queenalice.com/game.php?id=1195811"]
[Date "2013.6.30"]
[Round "1"]
[White "fisionboy"]
[Black "Krummenauer"]
[Result "1-0"]
[WhiteElo "1921"]
[BlackElo "1986"]

1. d4 d5 2. c4 c6 3. Nf3 e6 4. e3 c5 5. cxd5 exd5 6. dxc5 Bxc5 7. Nc3 Nf6 8.
Bb5+ Nc6 9. O-O O-O 10. b3 a6 11. Be2 h6 12. Bb2 Be6 13. Qc2 Ba7 14. Rad1 Nb4
15. Qb1 Nc6 16. e4 Qc7 17. exd5 Bg4 18. dxc6 Qxc6 19. Rc1 Qe6 20. Rfe1 Qb6 21.
Rf1 Rfe8 22. Rce1 1-0

[Event "AUTO-OPEN-2902"]
[Site "http://www.queenalice.com/game.php?id=1213511"]
[Date "2013.9.1"]
[Round "2"]
[White "RobertD"]
[Black "Krummenauer"]
[Result "1-0"]
[WhiteElo "1917"]
[BlackElo "1964"]

1. c4 c5 2. Nc3 Nc6 3. Nf3 Nf6 4. e4 e5 5. Nd5 d6 6. d3 h6 7. Bd2 Be7 8. Be2 O-O
9. Nxe7+ Nxe7 10. O-O Ng6 11. Qb3 b6 12. a4 Bd7 13. Qc2 a6 14. h3 Qc7 15. b4 a5
16. b5 h5 17. Ng5 h4 18. Qd1 Nh7 19. Nxh7 Kxh7 20. f4 exf4 21. Bxf4 Be6 22. Bg4
Qd7 23. Bxe6 Qxe6 24. Qh5+ Kg8 25. Bh2 Qe7 26. Rf5 1-0

[Event "AUTO-OPEN-2902"]
[Site "http://www.queenalice.com/game.php?id=1213512"]
[Date "2013.9.1"]
[Round "2"]
[White "Krummenauer"]
[Black "RobertD"]
[Result "0-1"]
[WhiteElo "1982"]
[BlackElo "1929"]

1. d4 d5 2. c4 e6 3. cxd5 exd5 4. Nc3 Nf6 5. h3 Bd6 6. Nf3 O-O 7. e3 Re8 8. Be2
Bf5 9. O-O Qd7 10. Qb3 c6 11. Na4 b5 12. Nc5 Qc7 13. Bd2 a5 14. a4 b4 15. Rac1
Qc8 16. Nh4 Bxh3 17. e4 Nxe4 18. Qxh3 Qxh3 19. gxh3 Nxd2 20. Rfe1 g6 21. Bd3 Rd8
22. Re2 Bxc5 23. Rxc5 Nb3 0-1

[Event "artur59"]
[Site "http://www.queenalice.com/game.php?id=1225729"]
[Date "2013.10.19"]
[Round "2"]
[White "Krummenauer"]
[Black "vinoseco"]
[Result "1-0"]
[WhiteElo "1966"]
[BlackElo "1658"]

1. d4 d5 2. c4 c6 3. cxd5 Qxd5 4. Nc3 Qa5 5. Qc2 g6 6. Bd2 Qb4 7. Nd5 Qd6 8. e4
cxd5 9. Qxc8+ Qd8 10. Bb5+ Nc6 11. Bxc6+ bxc6 12. Qxc6+ Qd7 13. Qxa8+ Qd8 14.
Qxd8+ Kxd8 15. Ba5+ Kd7 16. exd5 Nf6 17. Nf3 Nxd5 18. O-O Bh6 19. Ne5+ Ke6 20.
Rfe1 Kf5 21. Nxf7 Bg7 22. Nxh8 Bxh8 23. Bc3 e6 24. h3 Nf4 25. Kh2 Nd3 26. g4+
Kf6 27. d5+ Kg5 28. Bxh8 Nxe1 29. Rxe1 1-0

[Event "artur59"]
[Site "http://www.queenalice.com/game.php?id=1284893"]
[Date "2014.5.29"]
[Round "3"]
[White "mixatlas"]
[Black "Krummenauer"]
[Result "0-1"]
[WhiteElo "1354"]
[BlackElo "1975"]

1. e4 e5 2. Nf3 Nc6 3. c3 d6 4. b4 a6 5. b5 axb5 6. Bxb5 Bd7 7. d4 Be7 8. d5 Na7
9. Ba4 c6 10. c4 cxd5 11. Bxd7+ Qxd7 12. Qxd5 Nf6 13. Qd3 O-O 14. Nbd2 Nc6 15.
a3 Rfc8 16. O-O Na5 17. Nxe5 dxe5 18. Qg3 Qd4 19. Nb3 Nxb3 20. Qxb3 Nxe4 21. Be3
Qxc4 22. Qxb7 Bf6 23. Qb4 Qxb4 24. axb4 Rxa1 25. Rxa1 h6 26. b5 Rb8 27. b6 Nc3
28. Kf1 Nd5 29. Bc5 Nxb6 30. Bd6 Ra8 31. Rb1 Nc4 32. Ke1 Nxd6 33. Rd1 Ne4 34. g3
Ra2 35. f3 Nc3 36. Rc1 e4 37. fxe4 Nxe4 38. Rc8+ Kh7 39. Kf1 Rxh2 40. Re8 Nxg3+
41. Ke1 Bc3+ 42. Kd1 Rd2+ 43. Ke1 Re2+ 44. Kd1 Rxe8 45. Kc2 Bf6 46. Kd3 h5 47.
Kc4 Rd8 48. Kb5 Rc8 49. Ka6 Rb8 50. Ka7 Be5 51. Ka6 Ne2 52. Ka5 Nd4 53. Ka4 Bd6
54. Ka5 Bc5 55. Ka6 h4 56. Ka5 Ra8# 0-1

[Event "AUTO-OPEN-2881"]
[Site "http://www.queenalice.com/game.php?id=1286135"]
[Date "2014.6.5"]
[Round "3"]
[White "Krummenauer"]
[Black "jartuga99"]
[Result "0-1"]
[WhiteElo "1994"]
[BlackElo "2121"]

1. d4 d5 2. c4 Nf6 3. cxd5 Nxd5 4. e4 Nb6 5. Nf3 g6 6. b3 Bg7 7. Bb2 O-O 8. Be2
c6 9. O-O Bg4 10. h3 Bxf3 11. Bxf3 N8d7 12. Qe2 e6 13. Nd2 Nf6 14. Nc4 Nc8 15.
Rad1 Ne7 16. e5 Nfd5 17. Ne3 Nf4 18. Qc2 Ned5 19. Nxd5 Nxd5 20. Bxd5 Qxd5 21.
Qc5 Rfd8 22. Qb4 Rd7 23. Qc5 b6 24. Qc1 Rad8 25. Qe3 c5 26. dxc5 Qxd1 27. Rxd1
Rxd1+ 28. Kh2 R8d3 29. Qe4 bxc5 30. Qa8+ Rd8 31. Qxa7 R1d2 32. Bc3 Rxf2 33. a4
Bh6 34. Qxc5 Bf4+ 35. Kg1 Rc2 36. Qb4 Rd1+ 37. Be1 Bd2 38. Qe4 Rxe1+ 0-1

[Event "AUTO-OPEN-2881"]
[Site "http://www.queenalice.com/game.php?id=1286136"]
[Date "2014.6.5"]
[Round "3"]
[White "jartuga99"]
[Black "Krummenauer"]
[Result "1-0"]
[WhiteElo "2126"]
[BlackElo "1985"]

1. e4 e5 2. Bc4 Bc5 3. a4 a5 4. Nf3 Nc6 5. d3 Nf6 6. c3 O-O 7. O-O d6 8. h3 h6
9. Be3 Bxe3 10. fxe3 Bd7 11. Na3 Na7 12. Ba2 b5 13. b3 bxa4 14. bxa4 c5 15. c4
Nc6 16. Nc2 Rb8 17. Na3 Na7 18. Nb5 Nc6 19. Nxd6 Qe7 20. Nf5 Bxf5 21. exf5 e4
22. Nh2 Rfd8 23. Bb1 Nb4 24. d4 cxd4 25. exd4 Qd6 26. Ng4 Nxg4 27. hxg4 Qxd4+
28. Qxd4 Rxd4 29. c5 e3 30. f6 e2 31. Re1 Rd1 32. Kf2 Re8 33. Ra3 Rxb1 34. Rxb1
Nc2 35. Rc3 e1=Q+ 36. Rxe1 Nxe1 37. c6 Nxg2 38. c7 Rc8 39. Kxg2 gxf6 40. Kf3 Kf8
41. Ke4 Ke7 42. Kd5 Kd7 43. Rc6 Ke7 44. Kc5 f5 45. gxf5 h5 46. Kb6 Kd7 47. Kb7
1-0

[Event "AUTO-OPEN-2881"]
[Site "http://www.queenalice.com/game.php?id=1286137"]
[Date "2014.6.5"]
[Round "3"]
[White "Krummenauer"]
[Black "Nelsonbento"]
[Result "1-0"]
[WhiteElo "1992"]
[BlackElo "1515"]

1. d4 b6 2. c4 Bb7 3. Nc3 h5 4. e4 g6 5. Nf3 d6 6. d5 h4 7. Bg5 f6 8. Bxh4 g5 9.
Bg3 Nh6 10. Be2 e5 11. Nd2 g4 12. f3 f5 13. fxg4 Nxg4 14. Bxg4 Qg5 15. Bxf5 Qe3+
16. Qe2 Qc5 17. Bf2 Qb4 18. Qg4 Qxb2 19. Bg6+ Kd8 20. Bh4+ Be7 21. Bxe7+ Kxe7
22. Qe6+ Kd8 23. Qf6+ Kd7 24. Bf5+ Ke8 25. Qxh8+ Kf7 26. Be6+ Ke7 27. Qg7+ Ke8
28. Qf7+ Kd8 29. Qf8# 1-0

[Event "AUTO-OPEN-2881"]
[Site "http://www.queenalice.com/game.php?id=1286138"]
[Date "2014.6.5"]
[Round "3"]
[White "Nelsonbento"]
[Black "Krummenauer"]
[Result "0-1"]
[WhiteElo "1500"]
[BlackElo "1983"]

1. e4 e5 2. h4 b6 3. Bc4 Bb7 4. Qf3 Qf6 5. Rh3 Bc5 6. Qxf6 Nxf6 7. Nc3 Nxe4 8.
Nb5 Na6 9. Nf3 Bxf2+ 10. Kf1 d5 11. Bd3 Bc5 12. Nxe5 f6 13. Nf3 Nf2 14. Rg3 Nxd3
15. cxd3 g6 16. d4 Be7 17. d3 O-O-O 18. Nxa7+ Kb8 19. Nb5 Bd6 20. Rh3 Nb4 21. a4
Nxd3 22. Bd2 Nxb2 23. a5 Ba6 24. Kg1 Bxb5 25. a6 Ka7 26. Rb1 Bd7 27. Rxb2 Bxh3
28. gxh3 Kxa6 29. Ra2+ Kb7 30. Bh6 Bf8 31. Bf4 Ra8 32. Rc2 Bd6 33. Bh6 Rhe8 34.
Kg2 Re4 35. Bg7 f5 36. Ng5 Rxh4 37. Kf3 Ra3+ 38. Ke2 Rg3 39. Nf7 Rhxh3 40. Nxd6+
cxd6 41. Kf1 Rh1+ 42. Kf2 Rh2+ 43. Kxg3 Rxc2 44. Bf8 f4+ 45. Kxf4 Rf2+ 46. Kg5
Rxf8 47. Kh6 b5 48. Kxh7 g5 49. Kg6 g4 50. Kg5 g3 51. Kg6 g2 52. Kg7 Rf2 53. Kg6
g1=Q+ 54. Kh5 Rh2# 0-1

[Event "artur59"]
[Site "http://www.queenalice.com/game.php?id=1321123"]
[Date "2014.11.9"]
[Round "4"]
[White "Krummenauer"]
[Black "charles"]
[Result "1-0"]
[WhiteElo "1977"]
[BlackElo "2019"]

1. d4 d5 2. c4 c6 3. cxd5 cxd5 4. e3 Nf6 5. Nf3 Bg4 6. g3 a6 7. Bg2 Nc6 8. O-O
e5 9. dxe5 Nxe5 10. Qa4+ b5 11. Qf4 Ng6 12. Qd4 Bd6 13. Nc3 Be6 14. Ng5 Be5 15.
Qd2 Rc8 16. Nxe6 fxe6 17. Ne2 O-O 18. Nd4 Bxd4 19. Qxd4 e5 20. Qd1 e4 21. b3 Ne5
22. Ba3 Rf7 23. Bh3 Rc6 24. Rc1 Rfc7 25. Rxc6 Rxc6 26. Qa1 Nf3+ 27. Kg2 Nh5 28.
Rc1 Rxc1 29. Qxc1 h6 30. Qc8 Qxc8 31. Bxc8 a5 32. Be6+ Kh7 33. Bxd5 Ng5 34. Be7
Nf6 35. Bxf6 gxf6 36. h4 1-0